| 000 | 01130nam a22003017a 4500 | ||
|---|---|---|---|
| 008 | 161203s2016 cr|||| |||| 00| 0 spa d | ||
| 082 | 0 | 4 |
_a708 _bE748e |
| 100 | 1 |
_aCalvo, Javier. _95651 |
|
| 245 | 1 | 3 |
_aLo escrito, escrito está / _cJavier Calvo...[et. al.]. ; curaduría por María Paola Malavasi ; TEOR/ética. |
| 250 | _a1a ed. | ||
| 260 |
_aSan José, Costa Rica : _bTEOR/ética, _c2016. |
||
| 300 |
_a6 p. _bil. |
||
| 500 | _aCatálogo publicado con motivo a la exhibición "Lo escrito, escrito está", presentada del 16 de marzo al 25 de junio del 2016, en TEOR/ética. | ||
| 653 | 1 | 0 | _aArte contemporáneo |
| 653 | 1 | 0 | _aCatálogo de exhibición |
| 653 | 1 | 0 | _aExhibiciones |
| 653 | 1 | 0 | _aArte - Costa Rica |
| 653 | 1 | 0 | _aArte Latinoamericano |
| 653 | 1 | 0 | _aArtistas costarricenses |
| 700 | 1 |
_aHsu, Mimian. _93965 |
|
| 700 | 1 |
_aRangel, Andrés. _95652 |
|
| 700 | 1 |
_aSalablanca, Christian. _95653 |
|
| 700 | 1 |
_aVargas, Guillermo (Habacuc). _95654 |
|
| 700 | 1 |
_aWilliams, Stephanie. _95655 |
|
| 700 | 1 |
_aRobinson, Marton. _95643 |
|
| 700 | 1 |
_aMalavasi, María Paola. _ecuradora. _95656 |
|
| 710 | 1 |
_aTEOR/ética. _95471 |
|
| 999 |
_c1106 _d1106 |
||